00441nam a2200193Ia 4500008004100000020001800041050001600059100001800075245001200093245001400105245002100119250001800140260001500158260001900173260000900192300001600201300002000217300001000237170918s9999 xx 000 0 und d a9780547791098 bS168dr 2006 aSallis, James aDrive : ba novel / cby James Sallis. aFirst edition aNew York : bMariner Books, c2006 a158 pages : billustrations ; c20cm.